Diccionario oxford pocket : para estudiantes argentinis de ingles /
Guardado en:
| Autor Principal: | |
|---|---|
| Formato: | Libro |
| Publicado: |
Oxford :
Oxford Ed. ,
2016.
|
| Materias: | |
| Etiquetas: |
Agregar Etiqueta
Sin Etiquetas, Sea el primero en etiquetar este registro!
|
| LEADER | 01312nam a22002775a 4500 | ||
|---|---|---|---|
| 001 | CEM.cems018718 | ||
| 005 | 20190613093736.0 | ||
| 008 | 130507s2016##################000#0#####d | ||
| 003 | CEMS | ||
| 020 | |a 9780194241199 | ||
| 082 | 0 | 4 | |a 423.6 |
| 100 | 1 | |a Oxford, Ed. | |
| 245 | 1 | 0 | |a Diccionario oxford pocket : |b para estudiantes argentinis de ingles / |c Julia Benseñor, Estela Bohbouth, Magdalena Caballero y Marìa Ximena Schiavòn. |
| 260 | |a Oxford : |b Oxford Ed. , |c 2016. | ||
| 300 | |a 791p. ; 20cm. | ||
| 653 | |a Diccionarios / diccionarios bilingues / ingles diccionarios | ||
| 859 | |a CEMS |b BIB. CEMS - Agricultura |h 423.6 |i Ox2-1 |p A3228.19 |t Ej.1 | ||
| 859 | |a CEMS |b BIB. CEMS - Agricultura |h 423.6 |i Ox2-1 |p A3229.19 |t Ej.2 | ||
| 859 | |a CEMS |b BIB. CEMS - Agricultura |h 423.6 |i Ox2-1 |p A3230.19 |t Ej.3 | ||
| 859 | |a CEMS |b BIB. CEMS - Agricultura |h 423.6 |i Ox2-1 |p A3231.19 |t Ej.4 | ||
| 859 | |a CEMS |b BIB. CEMS - Agricultura |h 423.6 |i Ox2-1 |p A3232.19 |t Ej.5 | ||
| 859 | |a CEMS |b BIB. CEMS - Agricultura |h 423.6 |i Ox2-1 |p A3233.19 |t Ej.6 | ||
| 859 | |a CEMS |b BIB. CEMS - Agricultura |h 423.6 |i Ox2-1 |p A3234.19 |t Ej.7 | ||
| 859 | |a CEMS |b BIB. CEMS - Agricultura |h 423.6 |i Ox2-1 |p A3235.19 |t Ej.8 | ||
| 859 | |a CEMS |b BIB. CEMS - Agricultura |h 423.6 |i Ox2-1 |p A3236.19 |t Ej.9 | ||
| 859 | |a CEMS |b BIB. CEMS - Agricultura |h 423.6 |i Ox2-1 |p A3237.19 |t Ej.10 | ||
